000
00337nam a2200145Ia 4500
008
150201s2006 xx 000 0 und d
082
_a
612
_b
T2006G
100
_a
GUYTON & HALL
245
_a
TEXT BOOK OF PHYSIOLOGY
250
_a
11TH
260
_b
ELSEVIER
_a
DELHI
_c
2006
300
_a
1-1116
650
_a
PHYSIOLOGY
942
_2
ddc
_c
BK
999
_c
3501
_d
3501